Statistics for Pokemon Types 30 Second Sprint

Click here to take the quiz!

General Stats

  • This quiz has been taken 601 times
  • The average score is 14 of 18

Answer Stats

Answer% Correct
Fire
98%
Water
96%
Grass
94%
Dark
89%
Fairy
84%
Flying
76%
Steel
76%
Electric
75%
Ghost
74%
Ground
74%
Rock
74%
Psychic
69%
Fighting
68%
Ice
67%
Bug
66%
Normal
64%
Poison
64%
Dragon
62%

Score Distribution

Percentile by Number Answered

Percent of People with Each Score

Your Score History

You have not taken this quiz